000
00286nam a2200109Ia 4500
008
210430s9999 xx 000 0 und d
082
_a
355.34 H2331P
100
_a
Hugh Hanning
_9
54643
245
4
_a
The Peaceful Uses of Military Roces
_c
Hugh Hanning
300
_a
325
942
_c
BK
_2
ddc
999
_c
565282
_d
565282